| 000 | 00423nam a2200133Ia 4500 | ||
|---|---|---|---|
| 008 | 220217s9999 xx 000 0 und d | ||
| 100 | _aJayashree Madhavan | ||
| 245 | 0 | _aMultivariate analysis of young and mature clones in Para rubber (Hevea brasiliensis Muell. Arg.) | |
| 260 |
_bKerala Agricultural University _a Trivandrum _c2001 |
||
| 300 | _a279 | ||
| 500 | _aCourse: Ph. D | ||
| 700 | _aDr SG Sreekumar | ||
| 942 | _cTS | ||
| 999 |
_c74630 _d74630 |
||